| 000 | 02519cam a22002174a 4500 | ||
|---|---|---|---|
| 005 | 20250605164332.0 | ||
| 008 | 250528s ||||||||||||||||||||||||d | ||
| 035 | _a23266 | ||
| 020 | _a9786185198404 | ||
| 040 |
_aGR-AtMCL _bgre _dGR-AtMCL _eAACR2 |
||
| 245 | 1 | _aΧρηματοοικονομική Λογιστική | |
| 250 | _a2η | ||
| 260 |
_bΔιπλογραφία, _c2021 |
||
| 300 | _a824 | ||
| 520 | _aΤο παρόν βιβλίο καλύπτει όλα τα θέμα που εμπίπτουν στο πλαίσιο της γενικής θεωρίας της Χρηματοοικονομικής Λογιστικής. Πρόλογος, Ανάλυση και Ιστορική Εξέλιξη των Βασικών Εννοιών, Ο Κόσμος των Επιχειρήσεων και της Οικονομίας και των Αγορών: Επιχειρηματικές Δραστηριότητες και Επιχειρηματικοί Κίνδυνοι και Επιχειρηματικές Πρακτικές, Η Οργάνωση του Λογιστικού Πληροφοριακού Συστήματος των Επιχειρήσεων - Ελληνικό Γενικό Λογιστικό Σχέδιο (ΕΓΛΣ) - Σχέδιο Λογαριασμών Ελληνικών Λογιστικών Προτύπων, Εισαγωγή στα Διεθνή Λογιστικά Πρότυπα και στο Πλαίσιο Αρχών και στα Ελληνικά Λογιστικά Πρότυπα (ΕΛΠ), Το Νομικό Ένδυμα της Επιχείρησης και η Λογιστική Εταιριών, Η Λογιστική των Παγίων και Υλικών και Άυλων και των Λοιπών Υλικών Στοιχείων Ενεργητικού, Βιολογικά Στοιχεία Ενεργητικού και Αγροτική Παραγωγή και Κρατικές Επιχορηγήσεις, Η Λογιστική των Χρηματοοικονομικών Μέσων, Leasing και Factoring και Repos, Το Φορολογικό Περιβάλλον της Επιχείρησης, Η Κατάσταση Ταμειακών Ροών και η Κατάσταση Μεταβολών της Καθαρής Θέσης, Λογιστική Συναλλάγματος, Βιβλιογραφία, Ευρετήριο. | ||
| 700 | 1 |
_aΚόντος Γεώργιος _98166 |
|
| 700 | 1 |
_aΡαγκαβάς Χρήστος _98866 |
|
| 942 | _cBK | ||
| 999 |
_c8295 _d8295 |
||